Microbial processes: promising technologies for developing countries

Guardat en:
Dades bibliogràfiques
Autor corporatiu: A.C. on Technology Innovation (Autor), Board on Science and Technology for International Development (Autor), Commission on International Relations (Autor), National Research Council (Autor)
Format: Llibre
Idioma:anglès
Publicat: Washington, D.C National Academy of Sciences 1979
Matèries:
Etiquetes: Afegir etiqueta
Sense etiquetes, Sigues el primer a etiquetar aquest registre!

MARC

LEADER 00000nam a2200000 a 4500
001 UCU4012
003 CL-VaPUC
008 960517e19790000US |||||||||||||||||eng|d
082 0 4 |a 576.1  |b ADV  |2 21 
110 2 |a A.C. on Technology Innovation  |e author  |9 361329 
710 2 |a Board on Science and Technology for International Development  |e author  |9 361330 
710 2 |a Commission on International Relations  |e author  |9 361331 
710 2 |a National Research Council  |e author  |9 361332 
245 1 0 |a Microbial processes: promising technologies for developing countries 
300 |a 198 p 
942 |c BK 
945 |d 19960517 00:00:00  |a cmena 
260 |a Washington, D.C  |b National Academy of Sciences  |c 1979 
650 0 |a Microbiología   |9 259706 
650 0 |a Microbiología alimentaria  |9 259564 
650 0 |a Bacteriología  |9 259330 
650 0 |a Biotecnología   |9 259561 
650 7 |a CONTAMINANTES  |2 CL-VaPUC  |9 259641 
650 7 |a PELIGROS PARA LA SALUD  |2 CL-VaPUC  |9 342106 
650 0 |a Antibióticos  |9 263034 
583 |a last modification  |c 20140820 10:43:34  |k Rodrigo Vera 
999 |c 247843  |d 247841 
952 |0 0  |1 0  |4 0  |6 576_100000000000000_ADV_1979  |7 0  |8 A  |9 264037  |a BIBING  |b BIBING  |d 2019-11-19  |i 1660993  |o 576.1 ADV 1979  |p 1660993  |r 2025-01-20  |w 2019-11-19  |y BK  |k EIQ